000
00295nam a2200121Ia 4500
008
231011s9999 xx 000 0 und d
041
_a
eng
100
_a
Friedman Thomas L
245
_a
Hot, Flat and Crowded
260
_b
Penguin Books India Pvt Ltd -
_c
2008
300
_a
438
365
_b
150
999
_c
897030
_d
897030